Catalog

Record Details

Catalog Search



Available copies

  • 1 of 1 copy available at LARL/NWRL Consortium.
  • 1 of 1 copy available at Lake Agassiz Regional Library. (Show preferred library)

Current holds

0 current holds with 1 total copy.

Show Only Available Copies
Location Call Number / Copy Notes Barcode Shelving Location Status Due Date
Moorhead Public Library M BEN (Text) 33500008956294 Main Available -

Record details

  • ISBN: 1569474338
  • Physical Description: 284 p. ; 24 cm.
  • Publisher: New York : Soho Press, c2006.
Subject: Adult Mystery
World War, 1939-1945 > Underground movements > Norway > Fiction.
Sabotage > Norway > History > 20th century > Fiction.
Genre: Mystery fiction.
Historical fiction.
LDR 01179cam a2200325 a 4500
00172108
003LARL_NWRL_CONSORTIUM
00520060823101715.0
008060209s2006 nyu 000 1 eng
020 . ‡a1569474338
0243 . ‡a9781569474334
035 . ‡a(OCoLC)63808372
043 . ‡ae-no---
08200. ‡a813/.6 ‡222
1001 . ‡aBenn, James R. ‡0(LARL_NWRL_CONSORTIUM)182089
24510. ‡aBilly Boyle ‡n#1 : ‡ba World War II mystery / ‡cJames R. Benn.
260 . ‡aNew York : ‡bSoho Press, ‡cc2006.
300 . ‡a284 p. ; ‡c24 cm.
4900 . ‡aBilly Boyle World War II mystery; ‡v1
650 . ‡aAdult Mystery
650 0. ‡aWorld War, 1939-1945 ‡xUnderground movements ‡zNorway ‡vFiction.
650 0. ‡aSabotage ‡zNorway ‡xHistory ‡y20th century ‡vFiction.
655 7. ‡aMystery fiction. ‡2gsafd
655 7. ‡aHistorical fiction. ‡2gsafd
901 . ‡a72108 ‡bOCLC ‡c72108 ‡tbiblio

Additional Resources